000 00227nam a22000857a 4500
008 161115b xxu||||| |||| 00| 0 eng d
100 _91225
_aKidz.O
245 _aTreasure Trove and Arabian Nights
260 _aNew Delhi
_bOm. Kidz
_c2012
999 _c3916
_d3916